00402 a2200157 4500020001500000040001300015082001500028100001700043245006100060260002800121300002400149650001500173650001900188650001700207650002000224 a0750653701 aDLCbDLC a621.3810451 aTricker, Ray10aOptoelectronics and fiber optic technology cRay Tricker aOxford :bNewnes,c2002 axvi, 319 s. :bill. 4aFiberoptik 4aOptoelektronik 4aFiber optics 4aOptoelectronics